000 00635nam a2200253Ia 4500
999 _c99197
_d99197
003 0100
005 20170510100625.0
008 130307s9999 xx 000 0 und d
040 _cARRUPELIB
050 _aDT433.265.W75 1996
100 _aWrigley, Christopher
_930682
245 _aKingship and state
245 _bThe Buganda dynasty
260 _bCambridge University Press
_aCambridge
_c1996
300 _axv
300 _b293p. 24cm.
440 _aAfrican Studies Series 88
_930683
650 _aHISTORY
_98438
650 _aUganda
_xHistory
_y1890
_930684
650 _a(African people)
_xKings and rulers
_930685
650 _aOral tradition
_xGanda
_yUganda
_930686
650 _aMythology
_xGanda
_930687
942 0 0 _010
_2lcc
_cMONOGRAPH